[Event "Zhukovsky op 04"]
[Site "Zhukovsky"]
[Date "2014.??.??"]
[Round "4"]
[White "Kots, Dmitry"]
[Black "Yulchiev, Alimjan"]
[Result "0-1"]
[WhiteElo "1797"]
[BlackElo "1763"]
[PlyCount "108"]
[EventDate "2014.04.??"]
[EventType "swiss"]
[EventRounds "9"]
[EventCountry "RUS"]
[SourceTitle "EXT 2016"]
[Source "ChessBase"]
[SourceDate "2015.10.08"]
[SourceVersion "1"]
[SourceVersionDate "2015.10.08"]
[SourceQuality "1"]

1. e4 d6 2. Nf3 Nf6 3. Nc3 g6 4. d4 Bg7 5. Bb5+ c6 6. Bd3 Nbd7 7. 0-0 0-0 8. Ne2 e5 9. c3 Re8 10. dxe5 Nxe5 11. Nxe5 dxe5 12. Qc2 Nh5 13. Ng3 Nf4 14. Rd1 Qc7 15. Bf1 Be6 16. Be3 Red8 17. b4 Bg4 18. f3 Be6 19. Rxd8+ Rxd8 20. a4 Bh6 21. Bf2 Bf8 22. a5 b6 23. Nh1 c5 24. Bh4 Be7 25. Bxe7 Qxe7 26. g3 Nh3+ 27. Bxh3 Bxh3 28. g4 h5 29. gxh5 Qg5+ 30. Ng3 gxh5 31. Qc1 Qg6 32. Kf2 h4 33. Ne2 Kf8 34. Qg1 Qh6 35. Rd1 Rd2 36. Rxd2 Qxd2 37. Qc1 Qxc1 38. Nxc1 Ke7 39. Ne2 bxa5 40. bxa5 c4 41. f4 f6 42. f5 Kd6 43. Ng1 Bg4 44. Nf3 Kc5 45. Nxh4 Kb5 46. Nf3 Kxa5 47. Ng1 Ka4 48. h4 Kb3 49. Ne2 a5 50. Ng3 a4 51. h5 Bxh5 52. Nxh5 a3 53. Nxf6 a2 54. Nd5 a1Q 0-1

[Event "Zhukovsky op 04"]
[Site "Zhukovsky"]
[Date "2014.??.??"]
[Round "2"]
[White "Shavernev, Artem"]
[Black "Yulchiev, Alimjan"]
[Result "1/2-1/2"]
[WhiteElo "1350"]
[BlackElo "1763"]
[PlyCount "80"]
[EventDate "2014.04.??"]
[EventType "swiss"]
[EventRounds "9"]
[EventCountry "RUS"]
[SourceTitle "EXT 2016"]
[Source "ChessBase"]
[SourceDate "2015.10.08"]
[SourceVersion "1"]
[SourceVersionDate "2015.10.08"]
[SourceQuality "1"]

1. e4 e5 2. Nf3 Nc6 3. Bb5 a6 4. Ba4 Nf6 5. 0-0 Be7 6. Re1 b5 7. Bb3 d6 8. c3 0-0 9. h3 h6 10. d4 Re8 11. Nbd2 Bf8 12. Nf1 Bb7 13. Ng3 Na5 14. Bc2 Nc4 15. b3 Nb6 16. Bb2 c5 17. dxe5 dxe5 18. c4 Nbd7 19. Qe2 b4 20. Rad1 Qa5 21. Bb1 Re6 22. Nf5 Rae8 23. Ne3 Nb8 24. Nd5 Nc6 25. Nd2 Nd4 26. Qd3 Bd6 27. Nf3 Nxf3+ 28. Qxf3 Qd8 29. Nxf6+ Qxf6 30. Qxf6 Rxf6 31. a3 a5 32. a4 Rfe6 33. Rd2 Rd8 34. Red1 f6 35. g4 Kf7 36. Kg2 Ke7 37. Kf3 Bc7 38. Rxd8 Bxd8 39. h4 Rd6 40. Rxd6 Kxd6 1/2-1/2

[Event "Zhukovsky op 04"]
[Site "Zhukovsky"]
[Date "2014.??.??"]
[Round "7"]
[White "Spitsyn, Mikhail"]
[Black "Yulchiev, Alimjan"]
[Result "1-0"]
[WhiteElo "1785"]
[BlackElo "1763"]
[PlyCount "41"]
[EventDate "2014.04.??"]
[EventType "swiss"]
[EventRounds "9"]
[EventCountry "RUS"]
[SourceTitle "EXT 2016"]
[Source "ChessBase"]
[SourceDate "2015.10.08"]
[SourceVersion "1"]
[SourceVersionDate "2015.10.08"]
[SourceQuality "1"]

1. d4 Nf6 2. Nc3 d5 3. Bg5 c5 4. e3 Ne4 5. Nxe4 dxe4 6. Qd2 cxd4 7. exd4 Nc6 8. 0-0-0 h6 9. Bh4 g5 10. Bg3 Bg7 11. d5 Qb6 12. c3 Ne5 13. f4 Ng6 14. fxg5 hxg5 15. d6 exd6 16. Bxd6 g4 17. Qd5 Qe3+ 18. Kb1 a6 19. Bxa6 Rh5 20. Bb5+ Bd7 21. Bxd7+ 1-0

[Event "Zhukovsky Winter op"]
[Site "Zhukovsky"]
[Date "2014.??.??"]
[Round "3"]
[White "Yulchiev, Alimjan"]
[Black "Grafchikov, Alexey"]
[Result "1/2-1/2"]
[WhiteElo "1763"]
[BlackElo "1697"]
[PlyCount "63"]
[EventDate "2014.11.22"]
[EventType "swiss"]
[EventRounds "9"]
[EventCountry "RUS"]
[SourceTitle "EXT 2016"]
[Source "ChessBase"]
[SourceDate "2015.10.08"]
[SourceVersion "1"]
[SourceVersionDate "2015.10.08"]
[SourceQuality "1"]

1. Nf3 f5 2. d3 Nf6 3. e4 fxe4 4. dxe4 Nxe4 5. Bd3 Nc5 6. Be2 e6 7. Nc3 Nc6 8. a3 d6 9. b4 Nd7 10. Bb2 Be7 11. Qd2 0-0 12. 0-0 Nce5 13. Nd4 Nf6 14. f4 Ng6 15. Bd3 e5 16. Nde2 exf4 17. Nxf4 Ne5 18. Rae1 Nxd3 19. Qxd3 Ng4 20. Ncd5 Ne5 21. Nxe7+ Qxe7 22. Qc3 Be6 23. Nxe6 Rxf1+ 24. Rxf1 Qxe6 25. Qxc7 b6 26. Qb7 Qc8 27. Qxc8+ Rxc8 28. Re1 Rxc2 29. Bxe5 dxe5 30. Rxe5 Rc3 31. a4 Rc4 32. Rb5 1/2-1/2

[Event "Zhukovsky-A 02"]
[Site "Zhukovsky"]
[Date "2011.02.09"]
[Round "2"]
[White "Yulchiev, Alimjan"]
[Black "Guseynov, Vafadar"]
[Result "1/2-1/2"]
[WhiteElo "1664"]
[BlackElo "1885"]
[PlyCount "131"]
[EventDate "2011.02.09"]
[EventType "swiss"]
[EventRounds "9"]
[EventCountry "RUS"]
[SourceTitle "EXT 2022"]
[Source "ChessBase"]
[SourceDate "2021.10.06"]
[SourceVersion "1"]
[SourceVersionDate "2021.10.06"]
[SourceQuality "1"]

1. e4 c5 2. Nf3 Nc6 3. d4 cxd4 4. Nxd4 Nf6 5. Nc3 d6 6. Be2 g6 7. Be3 a6 8. Qd2 Bg7 9. f3 0-0 10. Nxc6 bxc6 11. Bh6 Qb6 12. Bxg7 Kxg7 13. Na4 Qc7 14. 0-0-0 Be6 15. b3 Rfb8 16. Qc3 Kg8 17. g4 Nd7 18. h4 Nb6 19. Qa5 Qb7 20. Nxb6 Qxb6 21. Qxb6 Rxb6 22. f4 a5 23. f5 Bd7 24. Bc4 Kg7 25. Rhf1 f6 26. g5 gxf5 27. exf5 d5 28. Bd3 a4 29. Rde1 axb3 30. axb3 Re8 31. Re2 c5 32. Ree1 Rb4 33. Rh1 c4 34. bxc4 dxc4 35. Be4 c3 36. Bd3 Bc6 37. gxf6+ Kxf6 38. Re6+ Kf7 39. Rxc6 Ra8 40. Ra6 Rxa6 41. Bxa6 Ra4 42. Kb1 Rxa6 43. Rh3 Rc6 44. Ka2 Kf6 45. Rf3 Rc4 46. Kb3 Rxh4 47. Kxc3 Rh5 48. Kd4 Rxf5 49. Rh3 h5 50. c4 Ke6 51. c5 Kd7 52. Ra3 Rf4+ 53. Ke5 Rb4 54. Ra7+ Kd8 55. Ra8+ Kc7 56. Rh8 h4 57. Rh7 Kd8 58. Ke6 Re4+ 59. Kd5 Rf4 60. c6 Rf5+ 61. Ke6 Rf6+ 62. Kd5 Rd6+ 63. Kc5 h3 64. c7+ Kxc7 65. Rxe7+ Rd7 66. Re2 1/2-1/2

[Event "Zhukovsky-A 02"]
[Site "Zhukovsky"]
[Date "2011.02.09"]
[Round "5"]
[White "Yulchiev, Alimjan"]
[Black "Leschenko, Wjatcheslaw"]
[Result "0-1"]
[WhiteElo "1664"]
[BlackElo "1649"]
[PlyCount "100"]
[EventDate "2011.02.09"]
[EventType "swiss"]
[EventRounds "9"]
[EventCountry "RUS"]
[SourceTitle "EXT 2022"]
[Source "ChessBase"]
[SourceDate "2021.10.06"]
[SourceVersion "1"]
[SourceVersionDate "2021.10.06"]
[SourceQuality "1"]

1. d4 Nf6 2. c4 g6 3. Nc3 c6 4. e4 d6 5. Nf3 Bg7 6. Be2 h6 7. h3 Nbd7 8. Be3 Nh7 9. Qd2 h5 10. Ng5 Nxg5 11. Bxg5 f6 12. Be3 Qc7 13. f4 Nf8 14. 0-0 Bd7 15. Bf3 Bh6 16. d5 h4 17. Rac1 e5 18. fxe5 Bxe3+ 19. Qxe3 fxe5 20. Qg5 Qd8 21. Qxd8+ Kxd8 22. Rfd1 c5 23. Nb5 Ke7 24. a3 a6 25. Nc3 g5 26. b4 b6 27. bxc5 bxc5 28. Rb1 Ng6 29. Rb7 Rhb8 30. Rdb1 Rxb7 31. Rxb7 Kd8 32. a4 Kc8 33. Rb6 Kc7 34. a5 Nf4 35. Kf2 Nd3+ 36. Ke3 Nb4 37. Kd2 Rb8 38. Rxb8 Kxb8 39. Nd1 Kc8 40. Ne3 Kd8 41. Nf5 Bxf5 42. exf5 Ke7 43. Be4 Kf7 44. Ke3 Kg7 45. Kf3 Na2 46. Kg4 Kf6 47. Kf3 Nc1 48. Bc2 Na2 49. Ke4 Kf7 50. Ba4 Nc3+ 0-1

[Event "Zhukovsky-A 02"]
[Site "Zhukovsky"]
[Date "2011.02.09"]
[Round "7"]
[White "Yulchiev, Alimjan"]
[Black "Migur, Dmitriy"]
[Result "1/2-1/2"]
[WhiteElo "1664"]
[BlackElo "1551"]
[PlyCount "73"]
[EventDate "2011.02.09"]
[EventType "swiss"]
[EventRounds "9"]
[EventCountry "RUS"]
[SourceTitle "EXT 2022"]
[Source "ChessBase"]
[SourceDate "2021.10.06"]
[SourceVersion "1"]
[SourceVersionDate "2021.10.06"]
[SourceQuality "1"]

1. e4 c5 2. Nf3 Nc6 3. d4 cxd4 4. Nxd4 Nf6 5. Nc3 d6 6. Be2 e5 7. Nb3 Be6 8. Be3 Be7 9. h3 d5 10. exd5 Nxd5 11. Nxd5 Bxd5 12. 0-0 0-0 13. c3 f5 14. c4 Bf7 15. Qxd8 Raxd8 16. Rfd1 b6 17. f3 f4 18. Bf2 Rxd1+ 19. Rxd1 Rd8 20. Rxd8+ Bxd8 21. Kf1 g5 22. Nd2 Bg6 23. c5 bxc5 24. Bxc5 Bb6 25. Bxb6 axb6 26. Nc4 b5 27. Nd6 b4 28. Bc4+ Kf8 29. Bd5 Ke7 30. Ne4 Bxe4 31. Bxe4 Kd6 32. Bxh7 Kc5 33. Ke2 Kd4 34. Kd2 Na5 35. b3 Nc6 36. Be4 Na7 37. Bd3 1/2-1/2

[Event "Zhukovsky op-B 05"]
[Site "Zhukovsky"]
[Date "2010.05.18"]
[Round "7"]
[White "Yulchiev, Alimjan"]
[Black "Lukina, Tatiana"]
[Result "0-1"]
[WhiteElo "1685"]
[BlackElo "1738"]
[PlyCount "76"]
[EventDate "2010.05.14"]
[EventType "swiss"]
[EventRounds "9"]
[EventCountry "RUS"]
[SourceTitle "EXT 2022"]
[Source "ChessBase"]
[SourceDate "2021.10.06"]
[SourceVersion "1"]
[SourceVersionDate "2021.10.06"]
[SourceQuality "1"]

1. d4 Nf6 2. g3 c6 3. Bg2 d5 4. Nd2 Nbd7 5. c4 Qa5 6. c5 e5 7. e3 Be7 8. Ne2 Qc7 9. b4 b6 10. 0-0 Ba6 11. Bb2 Rb8 12. a3 0-0 13. dxe5 Nxe5 14. cxb6 axb6 15. Nf3 Nc4 16. Bxf6 Bxf6 17. Nfd4 c5 18. b5 cxd4 19. bxa6 dxe3 20. Rc1 exf2+ 21. Rxf2 Qa7 22. Rxc4 dxc4 23. Bb7 Be7 24. Kg2 Bxa3 25. Nd4 Rxb7 26. axb7 Qxb7+ 27. Nf3 h6 28. g4 Bc5 29. Rf1 Qe4 30. h3 Bb4 31. Kg3 b5 32. g5 hxg5 33. Nxg5 Qe3+ 34. Kg4 Be7 35. h4 Rd8 36. Qb1 Rd4+ 37. Kh5 Bxg5 38. Qxb5 Rxh4# 0-1

[Event "Zhukovsky-chB"]
[Site "Zhukovsky"]
[Date "2010.04.01"]
[Round "4"]
[White "Yulchiev, Alimjan"]
[Black "Shebchenko, Vladimir"]
[Result "0-1"]
[WhiteElo "1681"]
[BlackElo "1965"]
[PlyCount "138"]
[EventDate "2010.04.01"]
[EventType "swiss"]
[EventRounds "9"]
[EventCountry "RUS"]
[SourceTitle "EXT 2022"]
[Source "ChessBase"]
[SourceDate "2021.10.06"]
[SourceVersion "1"]
[SourceVersionDate "2021.10.06"]
[SourceQuality "1"]

1. e4 c5 2. Nf3 Nc6 3. c3 d5 4. exd5 Qxd5 5. d3 e5 6. c4 Qd6 7. Nc3 Nf6 8. Be3 Be7 9. Be2 0-0 10. 0-0 h6 11. a3 Bf5 12. Qc2 Rad8 13. Rad1 Rfe8 14. Rfe1 Qe6 15. Bf1 Qxc4 16. dxc4 Bxc2 17. Rd2 Rxd2 18. Nxd2 Nd4 19. g3 Kf8 20. Bg2 b6 21. h3 Bd6 22. Nb5 Bb8 23. Kh1 Nd7 24. Rc1 Bd3 25. Ne4 Re6 26. g4 Nxb5 27. cxb5 Bxb5 28. Nc3 Bc6 29. f3 Nf6 30. Rd1 Ke7 31. Kg1 Rd6 32. Rxd6 Bxd6 33. Kf2 g5 34. Ne4 Nd5 35. Bd2 Nf4 36. Bf1 Ke6 37. Kg3 Be7 38. Nc3 f5 39. Bc4+ Kf6 40. gxf5 Kxf5 41. Bb3 Nh5+ 42. Kf2 Nf4 43. Bc2+ Kf6 44. Kg3 Bd6 45. Ne4+ Bxe4 46. fxe4 h5 47. h4 g4 48. Be3 b5 49. b3 a6 50. Bd2 Ke6 51. Be3 Be7 52. a4 Bxh4+ 53. Kh2 g3+ 54. Kg1 Be7 55. axb5 axb5 56. Bd1 h4 57. Bg4+ Kd6 58. Bf5 h3 59. Bxf4 h2+ 60. Kg2 exf4 61. Bg4 Ke5 62. Bf3 c4 63. bxc4 bxc4 64. Kf1 Kd4 65. Ke2 Bb4 66. Bg2 c3 67. Kd1 Kd3 68. Bf1+ Ke3 69. Bg2 Kf2 0-1

[Event "Zhukovsky-chB"]
[Site "Zhukovsky"]
[Date "2010.04.01"]
[Round "3"]
[White "Yulchiev, Alimjan"]
[Black "Vatolin, Aleksey"]
[Result "1/2-1/2"]
[WhiteElo "1681"]
[BlackElo "1632"]
[PlyCount "49"]
[EventDate "2010.04.01"]
[EventType "swiss"]
[EventRounds "9"]
[EventCountry "RUS"]
[SourceTitle "EXT 2022"]
[Source "ChessBase"]
[SourceDate "2021.10.06"]
[SourceVersion "1"]
[SourceVersionDate "2021.10.06"]
[SourceQuality "1"]

1. c4 Nf6 2. Nc3 e5 3. Nf3 Nc6 4. g3 Bc5 5. Bg2 d6 6. 0-0 e4 7. Ng5 Bxf2+ 8. Rxf2 Ng4 9. Ngxe4 Nxf2 10. Nxf2 Ne5 11. b3 c6 12. d4 Ng6 13. e4 Qf6 14. Be3 0-0 15. Qd2 Re8 16. Bg5 Qe6 17. d5 cxd5 18. Nxd5 Qd7 19. Rd1 Ne5 20. Qc3 Kh8 21. Bh3 Qc6 22. Bxc8 Raxc8 23. Ne7 Rxe7 24. Bxe7 Qb6 25. Kg2 1/2-1/2